[Event "Medellin Easter op 11th"]
[Site "Medellin"]
[Date "2023.04.05"]
[Round "1"]
[White "Martinez, Mauricio"]
[Black "Perez Machado, Ricardo Andres"]
[Result "1-0"]
[WhiteElo "1886"]
[BlackElo "1600"]
[PlyCount "65"]
[EventDate "2023.04.05"]
[EventType "swiss"]
[EventRounds "7"]
[EventCountry "COL"]
[SourceTitle "CBM 213 Extra"]
[Source "ChessBase"]
[SourceDate "2023.05.31"]
[SourceVersion "1"]
[SourceVersionDate "2023.05.31"]
[SourceQuality "1"]

1. e4 e5 2. Nf3 Nf6 3. Nxe5 d6 4. Nc4 Nxe4 5. Qe2 Qe7 6. d3 Nf6 7. Bg5 Qxe2+ 8. Bxe2 Be7 9. Nc3 c6 10. Bxf6 gxf6 11. Ne4 d5 12. Ncd6+ Kd7 13. Nxc8 Kxc8 14. Ng3 Nd7 15. 0-0 h5 16. Rfe1 Bd6 17. Nf5 Kc7 18. a3 b6 19. c4 h4 20. cxd5 c5 21. Rac1 Rag8 22. d4 Rg5 23. dxc5 bxc5 24. Nxd6 Kxd6 25. Red1 f5 26. b4 cxb4 27. axb4 f4 28. Bb5 h3 29. g3 Rb8 30. Bf1 Rxb4 31. Bxh3 f3 32. Rc6+ Ke7 33. Rc7 1-0

[Event "Medellin U2000 op"]
[Site "Medellin"]
[Date "2022.05.22"]
[Round "6"]
[White "Martinez, Mauricio"]
[Black "Vahos Correa, Nicolas"]
[Result "1-0"]
[WhiteElo "1907"]
[BlackElo "1281"]
[PlyCount "87"]
[EventDate "2022.05.18"]
[EventType "swiss"]
[EventRounds "7"]
[EventCountry "COL"]
[SourceTitle "CBM 208 Extra"]
[Source "ChessBase"]
[SourceDate "2022.07.31"]
[SourceVersion "1"]
[SourceVersionDate "2022.07.31"]
[SourceQuality "1"]

1. e4 c5 2. Nf3 Nc6 3. d4 cxd4 4. Nxd4 e6 5. Nxc6 bxc6 6. c4 Nf6 7. Nc3 h6 8. Bd3 Bc5 9. 0-0 0-0 10. Qe2 Re8 11. Be3 Bxe3 12. Qxe3 Bb7 13. Rfd1 e5 14. h3 d5 15. cxd5 cxd5 16. Nxd5 Bxd5 17. exd5 Nxd5 18. Qf3 Nf6 19. Be4 Qb8 20. Bxa8 Qxa8 21. Qxa8 Rxa8 22. f3 Re8 23. Rac1 Re7 24. a4 Nh5 25. a5 e4 26. fxe4 Rxe4 27. Rc7 Rb4 28. Rxa7 Rxb2 29. a6 Ra2 30. Rb1 Nf6 31. Rbb7 Ne4 32. Rxf7 Nc5 33. Kh2 Rxa6 34. Rxg7+ Kf8 35. Raf7+ Ke8 36. Rc7 Kf8 37. Ra7 Rxa7 38. Rxa7 Ne6 39. g4 Ng7 40. Kg3 Kg8 41. Kf4 Kh7 42. h4 Kg8 43. Ke5 Kh8 44. Kf6 1-0

[Event "Medellin Aristizabal Cup"]
[Site "Medellin"]
[Date "2019.06.21"]
[Round "1"]
[White "Ortega Lopez, Mateo"]
[Black "Martinez, Mauricio"]
[Result "0-1"]
[WhiteElo "1224"]
[BlackElo "1894"]
[PlyCount "84"]
[EventDate "2019.06.21"]
[EventType "swiss"]
[EventRounds "7"]
[EventCountry "COL"]
[SourceTitle "EXT 2020"]
[Source "ChessBase"]
[SourceDate "2019.10.17"]
[SourceVersion "1"]
[SourceVersionDate "2019.10.17"]
[SourceQuality "1"]

1. e4 e5 2. Nf3 Nc6 3. Nc3 Nf6 4. d4 Bb4 5. Qd3 exd4 6. Nxd4 Nxd4 7. Qxd4 Qe7 8. Bd3 Bc5 9. Qc4 c6 10. 0-0 b5 11. Qb3 d6 12. Nd1 Nxe4 13. Bxe4 Qxe4 14. Qc3 0-0 15. Re1 Qh4 16. Be3 Bb4 17. Qxc6 Bb7 18. Qxb7 Bxe1 19. c3 Qc4 20. Bxa7 Bd2 21. Be3 Bxe3 22. Nxe3 Qc5 23. a3 Rab8 24. Qd5 Qxd5 25. Nxd5 Rfe8 26. Kf1 Re5 27. Rd1 Rd8 28. f4 Re4 29. Kf2 h6 30. Kf3 Rde8 31. Nc7 Re3+ 32. Kg4 Rc8 33. Nxb5 Re2 34. b3 Rxg2+ 35. Kh3 Rb2 36. b4 Re8 37. Rxd6 Re3+ 38. Kg4 g6 39. h3 Rg2+ 40. Kh4 g5+ 41. fxg5 hxg5+ 42. Kh5 Rxh3# 0-1

[Event "COL-ch U2000"]
[Site "Pereira"]
[Date "2019.03.23"]
[Round "5"]
[White "Parra Meza, Brayan1111"]
[Black "Martinez, Mauricio"]
[Result "1/2-1/2"]
[WhiteElo "1842"]
[BlackElo "1967"]
[PlyCount "65"]
[EventDate "2019.03.21"]
[EventType "swiss"]
[EventRounds "9"]
[EventCountry "COL"]
[SourceTitle "CBM 189 Extra"]
[Source "ChessBase"]
[SourceDate "2019.06.03"]
[SourceVersion "1"]
[SourceVersionDate "2019.06.03"]
[SourceQuality "1"]

1. e4 e5 2. Nc3 Bc5 3. Bc4 Nc6 4. Qg4 g6 5. Qf3 Qf6 6. Nd5 Qxf3 7. Nxf3 Bb6 8. c3 d6 9. Ng5 Nd8 10. f4 exf4 11. d4 Ne6 12. Nxe6 Bxe6 13. Bxf4 Ne7 14. Nxb6 axb6 15. Bxe6 fxe6 16. 0-0 0-0 17. Bh6 Rxf1+ 18. Rxf1 Re8 19. h4 Nc6 20. h5 Nd8 21. hxg6 hxg6 22. Bg5 Nf7 23. Bf6 g5 24. e5 d5 25. Kf2 Kh7 26. g4 Kg6 27. Kg3 Nh6 28. Rf2 Ng8 29. Bh8 Kh7 30. Rh2+ Kg6 31. Rf2 Kh7 32. Rh2+ Kg6 33. Rf2 1/2-1/2

[Event "COL-chB U2000"]
[Site "Antioquia"]
[Date "2018.12.08"]
[Round "5"]
[White "Martinez, Mauricio"]
[Black "Lopez Idarraga, Daniel Eduardo"]
[Result "1/2-1/2"]
[WhiteElo "1973"]
[BlackElo "1988"]
[PlyCount "72"]
[EventDate "2018.12.06"]
[EventType "swiss"]
[EventRounds "7"]
[EventCountry "COL"]
[SourceTitle "CBM 190 Extra"]
[Source "ChessBase"]
[SourceDate "2019.07.15"]
[SourceVersion "1"]
[SourceVersionDate "2019.07.15"]
[SourceQuality "1"]

1. e4 c5 2. Nf3 g6 3. d4 cxd4 4. Qxd4 Nf6 5. Nc3 Nc6 6. Qe3 Bg7 7. h3 0-0 8. Bd2 d5 9. exd5 Nxd5 10. Nxd5 Qxd5 11. c4 Qe6 12. 0-0-0 a5 13. Ng5 Qxe3 14. Bxe3 a4 15. a3 Na5 16. Kb1 Bf5+ 17. Ka2 h6 18. Nf3 Rfc8 19. Nd4 Bd7 20. Rc1 e5 21. Nb5 Be6 22. Kb1 Bf8 23. Bb6 Bc5 24. Bxc5 Rxc5 25. Nd6 Rc6 26. c5 Nb3 27. Rc3 Rd8 28. Bb5 Rxc5 29. Nxb7 Rxc3 30. Nxd8 Bf5+ 31. Ka2 Rc8 32. Nc6 Kf8 33. Bxa4 Nc5 34. Bb5 Be6+ 35. Kb1 Bf5+ 36. Ka2 Be6+ 1/2-1/2

[Event "Medellin Raza op 8th"]
[Site "Medellin"]
[Date "2018.10.06"]
[Round "4"]
[White "Martinez, Mauricio"]
[Black "Hernandez Pinzon, Helvert"]
[Result "0-1"]
[WhiteElo "1982"]
[BlackElo "2014"]
[PlyCount "100"]
[EventDate "2018.10.04"]
[EventType "swiss"]
[EventRounds "7"]
[EventCountry "COL"]
[SourceTitle "CBM 186 Extra"]
[Source "ChessBase"]
[SourceDate "2018.08.24"]
[SourceVersion "1"]
[SourceVersionDate "2018.08.24"]
[SourceQuality "1"]

1. e4 c5 2. Nf3 Nc6 3. d4 cxd4 4. Nxd4 Nf6 5. Nc3 e5 6. Ndb5 d6 7. a4 a6 8. Na3 Be6 9. Bc4 Be7 10. 0-0 0-0 11. Bg5 Nxe4 12. Nxe4 Bxc4 13. Bxe7 Nxe7 14. Nxc4 d5 15. Nxe5 dxe4 16. Qd7 Ng6 17. Qxd8 Rfxd8 18. Nxg6 hxg6 19. Rae1 Rd4 20. b3 Rc8 21. Re2 Rc3 22. f3 e3 23. Rfe1 Rd2 24. Rxd2 exd2 25. Rd1 Rxc2 26. Kf2 Rb2 27. Ke2 Kf8 28. Rxd2 Rxb3 29. Ra2 a5 30. h4 Ke7 31. g4 Ke6 32. Kf2 Kd6 33. Kg3 Rb4 34. Rd2+ Kc6 35. Rc2+ Kb6 36. Ra2 Rc4 37. f4 Rc3+ 38. Kg2 Kc6 39. Ra1 b5 40. axb5+ Kxb5 41. Rb1+ Ka6 42. Ra1 Rb3 43. Rh1 a4 44. h5 gxh5 45. gxh5 a3 46. h6 gxh6 47. Rxh6+ Ka5 48. Rh8 Rb7 49. Rh1 Ka4 50. Kf3 a2 0-1

[Event "Antioquia op-B"]
[Site "Medellin"]
[Date "2018.04.30"]
[Round "7"]
[White "Perez Lujan, Mateo"]
[Black "Martinez, Mauricio"]
[Result "1/2-1/2"]
[WhiteElo "1867"]
[BlackElo "1956"]
[PlyCount "78"]
[EventDate "2018.04.25"]
[EventType "swiss"]
[EventRounds "7"]
[EventCountry "COL"]
[SourceTitle "CBM 184 Extra"]
[Source "ChessBase"]
[SourceDate "2018.06.28"]
[SourceVersion "1"]
[SourceVersionDate "2018.06.28"]
[SourceQuality "1"]

1. d4 d5 2. c4 e6 3. Nc3 Nf6 4. cxd5 exd5 5. Bg5 Be7 6. e3 h6 7. Bh4 c6 8. Bd3 Ne4 9. Bxe7 Qxe7 10. Qc2 f5 11. Nge2 0-0 12. Nf4 Qf7 13. h4 Nd7 14. Nce2 Re8 15. h5 Nf8 16. Bxe4 fxe4 17. 0-0-0 Bg4 18. Rdf1 b6 19. f3 Bf5 20. Ng3 Bh7 21. fxe4 Bxe4 22. Nxe4 dxe4 23. Kb1 Qd7 24. g4 Ne6 25. Qxe4 Ng5 26. Qd3 Qxg4 27. Qc4+ Kh7 28. Qxc6 Qf5+ 29. Ka1 Rac8 30. Qg6+ Qxg6 31. hxg6+ Kg8 32. Nd5 Rc6 33. Rc1 Rxg6 34. Rc7 Kh7 35. Rxa7 Rd6 36. Ne7 Rf6 37. a4 Rf7 38. Nc6 Rxa7 39. Nxa7 Rxe3 1/2-1/2

[Event "Medellin Luces Cup"]
[Site "Medellin"]
[Date "2017.12.21"]
[Round "7"]
[White "Martinez, Mauricio"]
[Black "Valderrama Castano, Julian Camilo"]
[Result "1-0"]
[WhiteElo "1924"]
[BlackElo "1983"]
[PlyCount "81"]
[EventDate "2017.12.18"]
[EventType "swiss"]
[EventRounds "7"]
[EventCountry "COL"]
[SourceTitle "CBM 182 Extra"]
[Source "ChessBase"]
[SourceDate "2018.02.23"]
[SourceVersion "1"]
[SourceVersionDate "2018.02.23"]
[SourceQuality "1"]

1. e4 e6 2. Qe2 e5 3. Nf3 Nc6 4. c3 d5 5. d3 Nf6 6. h3 a5 7. Bg5 Be6 8. Nbd2 Be7 9. exd5 Qxd5 10. c4 Qd6 11. Bxf6 Bxf6 12. Ne4 Qb4+ 13. Qd2 Qxd2+ 14. Nexd2 Nb4 15. Kd1 0-0 16. a3 Nc6 17. Kc2 Ne7 18. Ne4 Ng6 19. Nxf6+ gxf6 20. g3 Rad8 21. h4 h5 22. Be2 Kg7 23. Nd2 Kh6 24. Ne4 f5 25. Nc5 b6 26. Nxe6 fxe6 27. Rhf1 Ne7 28. Bf3 Nc8 29. Rae1 e4 30. dxe4 f4 31. e5 Ne7 32. Be4 fxg3 33. fxg3 Nf5 34. Bxf5 Rxf5 35. Rxf5 exf5 36. e6 Kg6 37. e7 Re8 38. Kd3 Kf6 39. Kd4 c6 40. b4 axb4 41. axb4 1-0

[Event "Medellin Aristizabal Cup"]
[Site "Medellin"]
[Date "2017.09.11"]
[Round "7"]
[White "Restrepo, Hugo"]
[Black "Martinez, Mauricio"]
[Result "0-1"]
[WhiteElo "1743"]
[BlackElo "1937"]
[PlyCount "54"]
[EventDate "2017.09.06"]
[EventType "swiss"]
[EventRounds "7"]
[EventCountry "COL"]
[SourceTitle "CBM 180 Extra"]
[Source "ChessBase"]
[SourceDate "2017.10.06"]
[SourceVersion "1"]
[SourceVersionDate "2017.10.06"]
[SourceQuality "1"]

1. e4 e5 2. Nf3 Nf6 3. Nxe5 d6 4. Nf3 Nxe4 5. Nc3 Nxc3 6. dxc3 Be7 7. Be3 c6 8. Qd2 Be6 9. Nd4 0-0 10. f4 c5 11. Nf3 Nd7 12. g3 Nb6 13. b3 Nd5 14. c4 Nxe3 15. Qxe3 Bf6 16. Rd1 Qa5+ 17. Kf2 Qxa2 18. Bd3 Rfe8 19. Qe4 g6 20. Qxb7 Rab8 21. Qc6 Rec8 22. Qxd6 Rb6 23. Qxb6 axb6 24. Rhe1 Rd8 25. h4 Rxd3 26. Rxd3 Qxc2+ 27. Rd2 Qxb3 0-1

[Event "Medellin Aristizabal Cup"]
[Site "Medellin"]
[Date "2017.09.06"]
[Round "1"]
[White "Martinez, Mauricio"]
[Black "Ruiz Agudelo, Jeronimo"]
[Result "1-0"]
[WhiteElo "1937"]
[BlackElo "1358"]
[PlyCount "55"]
[EventDate "2017.09.06"]
[EventType "swiss"]
[EventRounds "7"]
[EventCountry "COL"]
[SourceTitle "CBM 180 Extra"]
[Source "ChessBase"]
[SourceDate "2017.10.06"]
[SourceVersion "1"]
[SourceVersionDate "2017.10.06"]
[SourceQuality "1"]

1. e4 c5 2. Nf3 d6 3. c3 Nf6 4. Be2 Nxe4 5. Qa4+ Nc6 6. Qxe4 g6 7. d4 d5 8. Qh4 c4 9. Ne5 Nxe5 10. dxe5 Bg7 11. f4 0-0 12. 0-0 Qb6+ 13. Qf2 Qxf2+ 14. Rxf2 f6 15. exf6 exf6 16. Be3 h6 17. Na3 Bd7 18. Bf3 Bc6 19. Rd1 Rfe8 20. Re2 Rad8 21. Bxa7 Rxe2 22. Bxe2 Ra8 23. Bc5 g5 24. fxg5 hxg5 25. Bf3 Rd8 26. Nxc4 Bh6 27. Ne3 g4 28. Bxd5+ 1-0

[Event "American Continental 13th"]
[Site "Medellin"]
[Date "2017.06.12"]
[Round "4"]
[White "Remicio Duque, John H"]
[Black "Martinez, Mauricio"]
[Result "1/2-1/2"]
[WhiteElo "2110"]
[BlackElo "1931"]
[PlyCount "121"]
[EventDate "2017.06.10"]
[EventType "swiss"]
[EventRounds "11"]
[EventCountry "COL"]
[SourceTitle "CBM 178 Extra"]
[Source "ChessBase"]
[SourceDate "2017.06.22"]
[SourceVersion "1"]
[SourceVersionDate "2017.06.22"]
[SourceQuality "1"]

1. Nf3 Nf6 2. d4 d6 3. Bf4 g6 4. e3 Nh5 5. Bg5 h6 6. Bh4 g5 7. Nfd2 Ng7 8. Bg3 Nf5 9. Bd3 Bg7 10. c3 Nxg3 11. fxg3 d5 12. 0-0 Be6 13. a4 Nd7 14. Qb3 Rb8 15. Na3 a6 16. Rf2 c5 17. Qc2 cxd4 18. exd4 Rc8 19. Nb3 Qb6 20. a5 Qd6 21. Qe2 Nf6 22. Nc5 Rxc5 23. dxc5 Qxc5 24. h3 Qxa5 25. Nc2 Qc7 26. Nd4 Bd7 27. Re1 0-0 28. Kh2 e6 29. Bb1 Bc8 30. Rxf6 Bxf6 31. Qd3 Re8 32. Qh7+ Kf8 33. Qxh6+ Bg7 34. Qxg5 Bxd4 35. cxd4 f5 36. Bxf5 Qg7 37. Qe3 Qf6 38. Bd3 Kg8 39. Rf1 Qg7 40. Qe5 Rf8 41. Rf4 Qxe5 42. dxe5 Bd7 43. Rxf8+ Kxf8 44. g4 a5 45. Kg3 b5 46. Kf2 a4 47. Ke3 b4 48. Kd4 a3 49. bxa3 bxa3 50. Kc3 Ba4 51. Bb1 d4+ 52. Kxd4 Bb3 53. Kc5 a2 54. Bxa2 Bxa2 55. Kd6 Kf7 56. h4 Bd5 57. g3 Bf3 58. g5 Bg4 59. Kd7 Kg6 60. Ke7 Bf5 61. Kf8 1/2-1/2